00365nam a2200133Ia 4500003000400000008004100004040001600045082001700061100002600078245005000104260006100154300001100215490000500226GCL140319s9999 xx 000 0 ara d aGCL / cGCL04a273.9bك م1 aكليناس لويس10aملحد يؤمن / cكليناس لويس a[S.N] : bدار الثقافة العربية ، c1987 a165 ص a